[Event "ODJM C 2025"]
[Site "Willingen GER"]
[Date "2025.06.11"]
[Round "5"]
[White "Muhl, Justinus"]
[Black "Kähling, Fiete"]
[Result "1-0"]
[Termination "normal"]
[Board "23"]
[WhiteElo "1584"]
[BlackElo "835"]
[WhiteClock "01:13:53"]
[BlackClock "00:45:41"]
[PlyCount "63"]
[WhiteFideId "34635190"]
[BlackFideId "533046700"]
[EventCountry "GER"]
[EventRounds "9"]
[EventType "swiss"]
[EventDate "2025.06.07"]

1. Nf3 {[%clk 01:30:29]} {[%emt 00:00:29]} Nf6 {[%clk 01:30:40]} {[%emt
00:00:22]} 2. Nc3 {[%clk 01:30:19]} {[%emt 00:00:40]} d5 {[%clk 01:30:50]}
{[%emt 00:00:20]} 3. e3 {[%clk 01:30:12]} {[%emt 00:00:35]} a6 {[%clk
01:29:31]} {[%emt 00:01:51]} 4. d4 {[%clk 01:27:57]} {[%emt 00:02:45]} Nc6
{[%clk 01:28:44]} {[%emt 00:01:17]} 5. Bd3 {[%clk 01:27:20]} {[%emt 00:01:06]}
h6 {[%clk 01:28:35]} {[%emt 00:00:40]} 6. Bd2 {[%clk 01:26:14]} {[%emt
00:01:37]} Nb4 {[%clk 01:27:20]} {[%emt 00:01:45]} 7. Be2 {[%clk 01:26:11]}
{[%emt 00:00:33]} Bf5 {[%clk 01:27:31]} {[%emt 00:00:19]} 8. Rc1 {[%clk
01:25:50]} {[%emt 00:00:51]} Ne4 {[%clk 01:25:06]} {[%emt 00:02:54]} 9. Nxe4
{[%clk 01:24:32]} {[%emt 00:01:47]} Bxe4 {[%clk 01:25:15]} {[%emt 00:00:21]}
10. Bxb4 {[%clk 01:24:57]} {[%emt 00:00:06]} Bxf3 {[%clk 01:25:17]} {[%emt
00:00:28]} 11. Bxf3 {[%clk 01:25:22]} {[%emt 00:00:05]} e6 {[%clk 01:25:23]}
{[%emt 00:00:24]} 12. Bxf8 {[%clk 01:25:46]} {[%emt 00:00:06]} Rxf8 {[%clk
01:25:49]} {[%emt 00:00:04]} 13. O-O {[%clk 01:26:06]} {[%emt 00:00:10]} Qd6
{[%clk 01:24:21]} {[%emt 00:01:58]} 14. c4 {[%clk 01:24:27]} {[%emt 00:02:10]}
O-O-O {[%clk 01:11:12]} {[%emt 00:13:38]} 15. cxd5 {[%clk 01:24:34]} {[%emt
00:00:23]} exd5 {[%clk 01:09:24]} {[%emt 00:02:18]} 16. Bg4+ {[%clk 01:24:56]}
{[%emt 00:00:08]} Kb8 {[%clk 01:09:41]} {[%emt 00:00:12]} 17. Qb3 {[%clk
01:24:36]} {[%emt 00:00:51]} c6 {[%clk 01:04:46]} {[%emt 00:05:24]} 18. Be2
{[%clk 01:24:02]} {[%emt 00:01:05]} g6 {[%clk 01:03:24]} {[%emt 00:01:52]} 19.
Bxa6 {[%clk 01:22:25]} {[%emt 00:02:08]} Rd7 {[%clk 01:03:34]} {[%emt
00:00:19]} 20. Rc2 {[%clk 01:22:05]} {[%emt 00:00:50]} Ka7 {[%emt 00:02:07]}
21. Be2 {[%clk 01:21:16]} {[%emt 00:00:02]} b5 {[%clk 01:01:27]} {[%emt
00:02:18]} 22. Qa3+ {[%clk 01:21:08]} {[%emt 00:00:38]} Qxa3 {[%clk 00:58:34]}
{[%emt 00:03:22]} 23. bxa3 {[%clk 01:21:33]} {[%emt 00:00:05]} Kb6 {[%clk
00:58:43]} {[%emt 00:00:22]} 24. Rfc1 {[%clk 01:21:48]} {[%emt 00:00:14]} Rc7
{[%clk 00:57:57]} {[%emt 00:01:14]} 25. Bf3 {[%clk 01:21:43]} {[%emt 00:00:37]}
Rd8 {[%clk 00:58:15]} {[%emt 00:00:12]} 26. h3 {[%clk 01:18:54]} {[%emt
00:03:19]} f5 {[%clk 00:56:06]} {[%emt 00:02:39]} 27. a4 {[%clk 01:15:39]}
{[%emt 00:03:45]} b4 {[%clk 00:48:18]} {[%emt 00:08:18]} 28. Be2 {[%clk
01:15:42]} {[%emt 00:00:27]} Rdc8 {[%clk 00:47:32]} {[%emt 00:01:16]} 29. Rc5
{[%clk 01:15:33]} {[%emt 00:00:39]} h5 {[%clk 00:46:46]} {[%emt 00:01:16]} 30.
a5+ {[%clk 01:15:53]} {[%emt 00:00:09]} Kb7 {[%clk 00:46:15]} {[%emt 00:01:02]}
31. Rb1 {[%clk 01:14:08]} {[%emt 00:02:15]} Ra8 {[%clk 00:45:41]} {[%emt
00:01:05]} 32. a6+ {[%clk 01:13:53]} {[%emt 00:00:45]} 1-0

[Event "ODJM C 2025"]
[Site "Willingen GER"]
[Date "2025.06.11"]
[Round "5"]
[White "Frey, Jarmo"]
[Black "Richter, Mila"]
[Result "0-1"]
[Termination "normal"]
[Board "24"]
[WhiteElo "1404"]
[BlackElo "1231"]
[WhiteClock "01:01:58"]
[BlackClock "01:11:56"]
[PlyCount "88"]
[WhiteFideId "533001324"]
[BlackFideId "533025568"]
[EventCountry "GER"]
[EventRounds "9"]
[EventType "swiss"]
[EventDate "2025.06.07"]

1. e4 {[%clk 01:30:59]} e5 {[%clk 01:30:59]} {[%emt 00:00:02]} 2. Nf3 {[%clk
01:31:16]} {[%emt 00:00:12]} Nc6 {[%clk 01:31:23]} {[%emt 00:00:06]} 3. Bc4
{[%clk 01:31:40]} {[%emt 00:00:06]} Bc5 {[%clk 01:31:43]} {[%emt 00:00:11]} 4.
d3 {[%clk 01:31:58]} {[%emt 00:00:11]} Nf6 {[%clk 01:31:59]} {[%emt 00:00:14]}
5. Bg5 {[%clk 01:32:19]} {[%emt 00:00:08]} d6 {[%clk 01:31:57]} {[%emt
00:00:33]} 6. h3 {[%clk 01:32:40]} {[%emt 00:00:09]} h6 {[%clk 01:32:18]}
{[%emt 00:00:09]} 7. Bh4 {[%clk 01:33:04]} {[%emt 00:00:06]} Be6 {[%clk
01:31:22]} {[%emt 00:01:26]} 8. Bb3 {[%clk 01:33:26]} {[%emt 00:00:08]} a5
{[%clk 01:29:36]} {[%emt 00:02:17]} 9. Nc3 {[%clk 01:32:20]} {[%emt 00:01:36]}
Bd4 {[%clk 01:29:00]} {[%emt 00:01:02]} 10. Nxd4 {[%clk 01:32:10]} {[%emt
00:00:44]} Nxd4 {[%clk 01:27:56]} {[%emt 00:01:33]} 11. Ba4+ {[%clk 01:31:03]}
{[%emt 00:01:38]} Bd7 {[%clk 01:24:26]} {[%emt 00:03:58]} 12. Qd2 {[%clk
01:30:22]} {[%emt 00:01:12]} b5 {[%clk 01:23:42]} {[%emt 00:01:14]} 13. Bb3
{[%clk 01:29:30]} {[%emt 00:01:23]} a4 {[%clk 01:23:43]} {[%emt 00:00:28]} 14.
Bd5 {[%clk 01:29:43]} {[%emt 00:00:17]} c6 {[%clk 01:23:55]} {[%emt 00:00:19]}
15. Bxf7+ {[%clk 01:21:38]} {[%emt 00:08:35]} Kxf7 {[%clk 01:23:58]} {[%emt
00:00:26]} 16. O-O-O {[%clk 01:21:46]} {[%emt 00:00:22]} Rf8 {[%clk 01:22:40]}
{[%emt 00:01:48]} 17. f4 {[%clk 01:19:16]} {[%emt 00:02:59]} exf4 {[%clk
01:20:34]} {[%emt 00:02:36]} 18. Qxf4 {[%clk 01:19:15]} {[%emt 00:00:32]} Qe7
{[%clk 01:18:40]} {[%emt 00:02:20]} 19. g4 {[%clk 01:17:12]} {[%emt 00:02:38]}
b4 {[%clk 01:17:44]} {[%emt 00:01:26]} 20. Bf2 {[%clk 01:16:02]} {[%emt
00:01:22]} Ne6 {[%clk 01:17:39]} {[%emt 00:00:52]} 21. Qf3 {[%clk 01:12:49]}
{[%emt 00:03:44]} bxc3 {[%clk 01:17:23]} {[%emt 00:00:44]} 22. h4 {[%clk
01:12:20]} {[%emt 00:00:59]} Kg8 {[%clk 01:15:34]} {[%emt 00:02:18]} 23. Rdg1
{[%clk 01:10:14]} {[%emt 00:02:37]} Nh5 {[%clk 01:11:15]} {[%emt 00:04:48]} 24.
Qe3 {[%clk 01:09:04]} {[%emt 00:01:41]} cxb2+ {[%clk 01:11:10]} {[%emt
00:00:35]} 25. Kxb2 {[%clk 01:09:06]} {[%emt 00:00:27]} Qf6+ {[%clk 01:11:16]}
{[%emt 00:00:22]} 26. d4 {[%clk 01:08:30]} {[%emt 00:01:10]} Qxf2 {[%clk
01:10:55]} {[%emt 00:00:50]} 27. Qxf2 {[%clk 01:08:49]} {[%emt 00:00:11]} Rxf2
{[%clk 01:11:18]} {[%emt 00:00:08]} 28. gxh5 {[%clk 01:08:46]} {[%emt
00:00:32]} Nxd4 {[%emt 00:01:54]} 29. Rg3 {[%emt 00:00:56]} Rxc2+ {[%emt
00:01:03]} 30. Ka1 {[%emt 00:01:00]} Rb8 {[%clk 01:10:11]} {[%emt 00:02:57]}
31. Rhg1 {[%clk 01:04:20]} Ne6 {[%clk 01:10:11]} 32. Rd3 {[%clk 01:04:20]}
{[%emt 00:01:43]} Be8 {[%clk 01:09:44]} 33. Rxd6 {[%clk 01:04:04]} {[%emt
00:01:43]} Bf7 {[%clk 01:10:18]} {[%emt 00:02:24]} 34. Rb1 Rxb1+ {[%emt
00:00:29]} 35. Kxb1 {[%emt 00:00:07]} Rc4 {[%clk 01:10:40]} {[%emt 00:00:49]}
36. Kb2 Rxe4 {[%emt 00:01:10]} 37. Rxc6 {[%clk 01:02:07]} {[%emt 00:00:03]}
Rxh4 {[%clk 01:10:53]} 38. Rc8+ {[%clk 01:02:32]} {[%emt 00:00:21]} Nf8 {[%clk
01:11:13]} {[%emt 00:00:11]} 39. Ka3 {[%clk 01:02:29]} {[%emt 00:00:32]} Bxh5
{[%clk 01:11:30]} {[%emt 00:00:12]} 40. Rc5 {[%clk 01:02:07]} {[%emt 00:00:53]}
Bf7 {[%clk 01:11:25]} {[%emt 00:00:34]} 41. Rc2 {[%clk 01:01:36]} {[%emt
00:01:02]} h5 {[%clk 01:11:26]} {[%emt 00:00:30]} 42. Rg2 {[%clk 01:01:38]}
{[%emt 00:00:26]} Ng6 {[%clk 01:11:30]} {[%emt 00:00:27]} 43. Rc2 {[%clk
01:01:45]} {[%emt 00:00:23]} Re4 {[%clk 01:11:37]} {[%emt 00:00:22]} 44. Rc8+
{[%clk 01:01:58]} {[%emt 00:00:19]} Kh7 {[%clk 01:11:56]} {[%emt 00:00:11]} 0-1

[Event "ODJM C 2025"]
[Site "Willingen GER"]
[Date "2025.06.11"]
[Round "5"]
[White "Dimitrov, Pavel"]
[Black "Rafikov, Artur"]
[Result "0-1"]
[Termination "normal"]
[Board "25"]
[WhiteElo "1011"]
[BlackElo "1423"]
[WhiteClock "01:24:13"]
[BlackClock "00:14:52"]
[PlyCount "126"]
[WhiteFideId "533028206"]
[BlackFideId "34642676"]
[EventCountry "GER"]
[EventRounds "9"]
[EventType "swiss"]
[EventDate "2025.06.07"]

1. e4 {[%clk 01:30:57]} {[%emt 00:00:03]} e5 {[%clk 01:31:22]} {[%emt
00:00:07]} 2. Nf3 {[%clk 01:31:15]} {[%emt 00:00:10]} Nc6 {[%clk 01:31:42]}
{[%emt 00:00:11]} 3. Bc4 {[%clk 01:31:32]} {[%emt 00:00:12]} Bc5 {[%clk
01:32:04]} {[%emt 00:00:10]} 4. c3 {[%clk 01:31:36]} {[%emt 00:00:25]} Nf6
{[%clk 01:32:05]} {[%emt 00:00:29]} 5. d3 {[%clk 01:31:57]} {[%emt 00:00:09]}
O-O {[%clk 01:31:50]} {[%emt 00:00:46]} 6. Nbd2 {[%clk 01:32:08]} {[%emt
00:00:19]} d6 {[%clk 01:31:14]} {[%emt 00:01:06]} 7. O-O {[%clk 01:32:24]}
{[%emt 00:00:13]} Bg4 {[%clk 01:31:08]} {[%emt 00:00:37]} 8. h3 {[%clk
01:32:33]} {[%emt 00:00:20]} Bh5 {[%clk 01:30:05]} {[%emt 00:01:34]} 9. b4
{[%clk 01:32:41]} {[%emt 00:00:22]} Bb6 {[%clk 01:29:53]} {[%emt 00:00:41]} 10.
a4 {[%clk 01:32:52]} {[%emt 00:00:20]} a6 {[%clk 01:29:41]} {[%emt 00:00:42]}
11. a5 {[%clk 01:33:11]} {[%emt 00:00:10]} Ba7 {[%clk 01:30:03]} {[%emt
00:00:09]} 12. Re1 {[%clk 01:33:25]} {[%emt 00:00:15]} Qd7 {[%clk 01:30:16]}
{[%emt 00:00:17]} 13. Nf1 {[%clk 01:32:54]} {[%emt 00:01:00]} Rfe8 {[%clk
01:26:39]} {[%emt 00:04:09]} 14. Ng3 {[%clk 01:33:08]} {[%emt 00:00:13]} Bg6
{[%clk 01:18:29]} {[%emt 00:08:38]} 15. Be3 {[%clk 01:29:33]} {[%emt 00:04:09]}
Bxe3 {[%clk 01:16:42]} {[%emt 00:02:17]} 16. Rxe3 {[%clk 01:29:49]} {[%emt
00:00:13]} d5 {[%clk 01:13:13]} {[%emt 00:04:01]} 17. exd5 {[%clk 01:29:50]}
{[%emt 00:00:28]} Nxd5 {[%clk 01:12:28]} {[%emt 00:01:13]} 18. Bxd5 {[%clk
01:29:53]} {[%emt 00:00:29]} Qxd5 {[%clk 01:12:12]} {[%emt 00:00:45]} 19. Qe2
{[%clk 01:29:25]} {[%emt 00:00:57]} f6 {[%clk 01:11:09]} {[%emt 00:01:34]} 20.
c4 {[%clk 01:29:02]} {[%emt 00:00:53]} Qd7 {[%clk 01:09:58]} {[%emt 00:01:40]}
21. Qd2 {[%clk 01:29:05]} {[%emt 00:00:29]} Nd4 {[%clk 01:09:04]} {[%emt
00:01:23]} 22. Nxd4 {[%clk 01:28:31]} {[%emt 00:01:04]} Qxd4 {[%clk 01:07:49]}
{[%emt 00:01:44]} 23. Rd1 {[%clk 01:27:50]} {[%emt 00:01:11]} c5 {[%clk
01:00:32]} {[%emt 00:07:47]} 24. Ne2 {[%clk 01:27:59]} {[%emt 00:00:21]} Qd6
{[%clk 00:59:46]} {[%emt 00:01:17]} 25. bxc5 {[%clk 01:27:47]} {[%emt
00:00:43]} Qxc5 {[%clk 00:59:48]} {[%emt 00:00:28]} 26. Qc3 {[%clk 01:27:59]}
{[%emt 00:00:17]} b6 {[%clk 00:58:41]} {[%emt 00:01:38]} 27. axb6 {[%clk
01:28:14]} {[%emt 00:00:14]} Qxb6 {[%clk 00:59:00]} {[%emt 00:00:09]} 28. Rd2
{[%clk 01:27:17]} {[%emt 00:01:28]} Reb8 {[%clk 00:57:34]} {[%emt 00:01:58]}
29. c5 {[%clk 01:27:12]} {[%emt 00:00:35]} Qc6 {[%clk 00:53:58]} {[%emt
00:04:04]} 30. d4 {[%clk 01:27:18]} {[%emt 00:00:24]} exd4 {[%clk 00:53:32]}
{[%emt 00:00:54]} 31. Qxd4 {[%clk 01:27:11]} {[%emt 00:00:37]} Qc7 {[%clk
00:52:06]} {[%emt 00:01:57]} 32. Ra3 {[%clk 01:26:36]} {[%emt 00:01:03]} Rb1+
{[%clk 00:51:37]} {[%emt 00:01:04]} 33. Rd1 {[%clk 01:25:52]} {[%emt 00:01:10]}
Rxd1+ {[%clk 00:51:57]} {[%emt 00:00:14]} 34. Qxd1 {[%clk 01:25:57]} {[%emt
00:00:23]} Qxc5 {[%clk 00:52:21]} {[%emt 00:00:08]} 35. Rc3 {[%clk 01:25:55]}
{[%emt 00:00:30]} Qa7 {[%clk 00:43:15]} {[%emt 00:09:37]} 36. Qc1 {[%clk
01:25:42]} {[%emt 00:00:42]} h6 {[%clk 00:43:16]} {[%emt 00:00:30]} 37. Qa1
{[%clk 01:25:26]} {[%emt 00:00:44]} a5 {[%clk 00:43:14]} {[%emt 00:00:35]} 38.
Qa2+ {[%clk 01:25:28]} {[%emt 00:00:27]} Kh7 {[%clk 00:42:37]} {[%emt
00:01:08]} 39. Ra3 {[%clk 01:25:21]} {[%emt 00:00:37]} Kh8 {[%clk 00:35:22]}
{[%emt 00:07:41]} 40. Nc1 {[%clk 01:25:14]} {[%emt 00:00:39]} a4 {[%clk
00:31:39]} {[%emt 00:04:13]} 41. Nb3 {[%clk 01:23:25]} {[%emt 00:00:40]} Bf7
{[%clk 00:32:08]} 42. Qb2 {[%clk 01:23:06]} {[%emt 00:03:05]} Bxb3 {[%clk
00:31:33]} {[%emt 00:01:30]} 43. Qa1 {[%clk 01:23:00]} {[%emt 00:00:35]} Qa5
{[%clk 00:27:18]} {[%emt 00:04:46]} 44. Qc1 {[%clk 01:22:42]} {[%emt 00:00:47]}
Qb4 {[%clk 00:24:08]} {[%emt 00:03:42]} 45. Qa1 {[%clk 01:22:49]} {[%emt
00:00:21]} Re8 {[%clk 00:20:05]} {[%emt 00:04:33]} 46. Qb2 {[%clk 01:23:00]}
{[%emt 00:00:19]} Re1+ {[%clk 00:16:03]} {[%emt 00:04:33]} 47. Kh2 {[%clk
01:23:11]} {[%emt 00:00:18]} Rb1 {[%clk 00:15:47]} {[%emt 00:00:44]} 48. Qxb1
{[%clk 01:23:09]} {[%emt 00:00:35]} Qxa3 {[%clk 00:15:57]} {[%emt 00:00:20]}
49. f3 {[%clk 01:23:21]} {[%emt 00:00:19]} Bg8 {[%clk 00:14:33]} {[%emt
00:01:52]} 50. Qc2 {[%clk 01:23:32]} {[%emt 00:00:17]} Qb3 {[%clk 00:14:49]}
{[%emt 00:00:17]} 51. Qg6 {[%clk 01:23:43]} {[%emt 00:00:17]} a3 {[%clk
00:14:13]} {[%emt 00:01:08]} 52. Kg1 {[%clk 01:23:50]} {[%emt 00:00:21]} a2
{[%clk 00:14:18]} {[%emt 00:00:26]} 53. Kh2 {[%clk 01:23:57]} {[%emt 00:00:22]}
a1=Q {[%clk 00:13:43]} {[%emt 00:01:02]} 54. Qg3 {[%clk 01:24:01]} {[%emt
00:00:28]} Qe5 {[%clk 00:13:52]} {[%emt 00:00:21]} 55. Qxe5 {[%clk 01:24:17]}
{[%emt 00:00:16]} fxe5 {[%clk 00:14:13]} {[%emt 00:00:11]} 56. Kg3 {[%clk
01:24:09]} {[%emt 00:00:36]} Qc4 {[%clk 00:14:19]} {[%emt 00:00:25]} 57. Kf2
{[%clk 01:24:06]} {[%emt 00:00:31]} Qd4+ {[%clk 00:13:50]} {[%emt 00:01:01]}
58. Kg3 {[%clk 01:24:13]} {[%emt 00:00:20]} Qf4+ {[%clk 00:14:12]} {[%emt
00:00:10]} 59. Kf2 {[%emt 00:00:21]} e4 {[%emt 00:00:11]} 60. Kg1 {[%clk
01:23:38]} {[%emt 00:00:33]} exf3 {[%clk 00:14:23]} {[%emt 00:00:20]} 61. gxf3
{[%clk 01:23:52]} {[%emt 00:00:16]} Qxf3 {[%clk 00:14:22]} {[%emt 00:00:31]}
62. h4 {[%clk 01:23:59]} {[%emt 00:00:21]} Bd5 {[%clk 00:14:32]} {[%emt
00:00:19]} 63. Kh2 {[%clk 01:24:13]} {[%emt 00:00:19]} Qg2# {[%clk 00:14:52]}
{[%emt 00:00:10]} 0-1

[Event "ODJM C 2025"]
[Site "Willingen GER"]
[Date "2025.06.11"]
[Round "5"]
[White "Weimar, Yaron"]
[Black "Melekestsev, Kyrylo"]
[Result "1/2-1/2"]
[Termination "normal"]
[Board "27"]
[WhiteElo "918"]
[BlackElo "1045"]
[WhiteClock "01:22:22"]
[BlackClock "00:50:08"]
[PlyCount "75"]
[WhiteFideId "533013098"]
[BlackFideId "533015945"]
[EventCountry "GER"]
[EventRounds "9"]
[EventType "swiss"]
[EventDate "2025.06.07"]

1. e4 {[%clk 01:30:58]} e5 {[%clk 01:30:53]} {[%emt 00:00:08]} 2. Nf3 {[%clk
01:31:23]} {[%emt 00:00:06]} Nc6 {[%clk 01:31:15]} {[%emt 00:00:07]} 3. Nc3
{[%clk 01:31:44]} {[%emt 00:00:10]} Bc5 {[%clk 01:30:52]} {[%emt 00:00:52]} 4.
Nxe5 {[%clk 01:32:06]} {[%emt 00:00:09]} Bxf2+ {[%clk 01:30:18]} {[%emt
00:01:02]} 5. Kxf2 {[%clk 01:32:14]} {[%emt 00:00:25]} Nxe5 {[%clk 01:29:45]}
{[%emt 00:01:02]} 6. d4 {[%clk 01:32:17]} {[%emt 00:00:28]} Qf6+ {[%clk
01:29:30]} {[%emt 00:00:40]} 7. Ke1 {[%clk 01:32:18]} {[%emt 00:00:33]} Nc6
{[%clk 01:29:03]} {[%emt 00:00:55]} 8. Nb5 {[%clk 01:31:58]} {[%emt 00:00:52]}
Qh4+ {[%clk 01:25:30]} {[%emt 00:03:58]} 9. g3 {[%clk 01:31:30]} {[%emt
00:01:03]} Qxe4+ {[%clk 01:23:26]} {[%emt 00:02:32]} 10. Qe2 {[%clk 01:31:17]}
{[%emt 00:00:45]} Qxe2+ {[%clk 01:23:37]} {[%emt 00:00:18]} 11. Bxe2 {[%clk
01:31:36]} {[%emt 00:00:12]} Kd8 {[%clk 01:23:26]} {[%emt 00:00:36]} 12. Bf4
{[%clk 01:31:42]} {[%emt 00:00:29]} d6 {[%clk 01:23:22]} {[%emt 00:00:31]} 13.
Bd2 {[%clk 01:27:43]} {[%emt 00:04:32]} a6 {[%clk 01:21:48]} {[%emt 00:02:05]}
14. Na3 {[%clk 01:27:49]} {[%emt 00:00:23]} Nxd4 {[%clk 01:21:24]} {[%emt
00:00:52]} 15. Bc3 {[%clk 01:28:09]} {[%emt 00:00:12]} Ne6 {[%clk 01:21:28]}
{[%emt 00:00:23]} 16. Bc4 {[%clk 01:28:20]} {[%emt 00:00:23]} Nf6 {[%clk
01:19:06]} {[%emt 00:02:50]} 17. Rf1 {[%clk 01:28:23]} {[%emt 00:00:28]} Re8
{[%clk 01:15:38]} {[%emt 00:03:56]} 18. Kd1 {[%clk 01:27:26]} {[%emt 00:01:29]}
b5 {[%clk 01:12:30]} {[%emt 00:03:35]} 19. Bd3 {[%clk 01:27:27]} {[%emt
00:00:32]} Ke7 {[%clk 01:03:47]} {[%emt 00:09:12]} 20. Bxf6+ {[%clk 01:25:34]}
{[%emt 00:02:24]} gxf6 {[%clk 01:02:51]} {[%emt 00:01:25]} 21. Bxh7 {[%clk
01:23:55]} {[%emt 00:02:09]} Rh8 {[%clk 01:02:58]} {[%emt 00:00:21]} 22. Be4
{[%clk 01:24:18]} {[%emt 00:00:10]} Rb8 {[%clk 01:02:46]} {[%emt 00:00:37]} 23.
h4 {[%clk 01:24:27]} {[%emt 00:00:26]} a5 {[%clk 01:01:35]} {[%emt 00:01:42]}
24. c3 {[%clk 01:24:02]} {[%emt 00:00:54]} Ba6 {[%clk 01:01:27]} {[%emt
00:00:38]} 25. Rf5 {[%clk 01:23:43]} {[%emt 00:00:49]} Rb6 {[%clk 01:00:13]}
{[%emt 00:01:39]} 26. Bd3 {[%clk 01:23:28]} {[%emt 00:00:50]} c6 {[%clk
01:00:17]} {[%emt 00:00:25]} 27. h5 {[%clk 01:23:26]} {[%emt 00:00:32]} Ng7
{[%clk 01:00:02]} {[%emt 00:00:44]} 28. Rf3 {[%clk 01:22:35]} {[%emt 00:01:23]}
Rxh5 {[%clk 00:59:43]} {[%emt 00:00:47]} 29. Kd2 {[%clk 01:22:32]} {[%emt
00:00:36]} c5 {[%clk 00:54:20]} {[%emt 00:05:49]} 30. Re1+ {[%clk 01:22:50]}
{[%emt 00:00:15]} Ne6 {[%clk 00:54:22]} {[%emt 00:00:25]} 31. g4 {[%clk
01:23:00]} {[%emt 00:00:21]} Rd5 {[%clk 00:53:52]} {[%emt 00:00:50]} 32. Kc2
{[%clk 01:23:04]} {[%emt 00:00:37]} Re5 {[%clk 00:52:43]} {[%emt 00:01:37]} 33.
Rfe3 {[%clk 01:22:13]} {[%emt 00:01:23]} Rxe3 {[%clk 00:51:56]} {[%emt
00:01:16]} 34. Rxe3 {[%clk 01:22:31]} {[%emt 00:00:12]} c4 {[%clk 00:51:38]}
{[%emt 00:00:49]} 35. Bf5 {[%clk 01:22:48]} {[%emt 00:00:13]} b4 {[%clk
00:51:40]} {[%emt 00:00:27]} 36. Nb1 {[%clk 01:22:54]} {[%emt 00:00:25]} b3+
{[%clk 00:49:50]} {[%emt 00:02:25]} 37. axb3 {[%clk 01:23:03]} {[%emt
00:00:21]} cxb3+ {[%clk 00:50:08]} {[%emt 00:00:11]} 38. Kd2 {[%clk 01:22:22]}
{[%emt 00:00:36]} 1/2-1/2

[Event "ODJM C 2025"]
[Site "Willingen GER"]
[Date "2025.06.11"]
[Round "5"]
[White "Wagner, Valentin Thien-Phú"]
[Black "Martens, Nele"]
[Result "1/2-1/2"]
[Termination "normal"]
[Board "28"]
[WhiteElo "1401"]
[BlackElo "1036"]
[WhiteClock "00:34:42"]
[BlackClock "00:49:53"]
[PlyCount "48"]
[WhiteFideId "34603492"]
[BlackFideId "533001952"]
[EventCountry "GER"]
[EventRounds "9"]
[EventType "swiss"]
[EventDate "2025.06.07"]

1. e4 {[%clk 01:30:58]} {[%emt 00:00:01]} e5 {[%clk 01:30:59]} {[%emt
00:00:02]} 2. Nf3 {[%clk 01:31:22]} {[%emt 00:00:06]} Nc6 {[%clk 01:30:52]}
{[%emt 00:00:35]} 3. Bc4 {[%clk 01:31:44]} {[%emt 00:00:08]} Bc5 {[%clk
01:30:52]} {[%emt 00:00:30]} 4. d3 {[%clk 01:32:00]} {[%emt 00:00:14]} Nf6
{[%clk 01:30:26]} {[%emt 00:00:57]} 5. Nc3 {[%clk 01:32:13]} {[%emt 00:00:18]}
O-O {[%clk 01:30:14]} {[%emt 00:00:42]} 6. Be3 {[%clk 01:32:33]} {[%emt
00:00:09]} Bxe3 {[%clk 01:29:58]} {[%emt 00:00:47]} 7. fxe3 {[%clk 01:32:55]}
{[%emt 00:00:06]} d6 {[%clk 01:29:47]} {[%emt 00:00:42]} 8. O-O {[%clk
01:32:22]} {[%emt 00:01:03]} Bg4 {[%clk 01:28:51]} {[%emt 00:01:25]} 9. d4
{[%clk 01:30:14]} {[%emt 00:02:39]} a6 {[%clk 01:22:04]} {[%emt 00:07:17]} 10.
d5 {[%clk 01:30:16]} {[%emt 00:00:28]} Ne7 {[%clk 01:21:29]} {[%emt 00:01:04]}
11. Be2 {[%clk 01:29:23]} {[%emt 00:01:23]} Ng6 {[%clk 01:19:32]} {[%emt
00:02:26]} 12. Ng5 {[%clk 01:23:28]} {[%emt 00:06:26]} Bxe2 {[%clk 01:19:01]}
{[%emt 00:01:01]} 13. Qxe2 {[%clk 01:23:47]} {[%emt 00:00:10]} h6 {[%clk
01:18:25]} {[%emt 00:01:06]} 14. Nh3 {[%clk 01:22:08]} {[%emt 00:02:10]} Qd7
{[%clk 01:15:48]} {[%emt 00:03:07]} 15. Rf2 {[%clk 01:06:58]} {[%emt 00:15:41]}
Qg4 {[%clk 01:12:55]} {[%emt 00:03:20]} 16. Qxg4 {[%clk 00:50:43]} {[%emt
00:16:47]} Nxg4 {[%clk 01:13:08]} {[%emt 00:00:17]} 17. Rf3 {[%clk 00:48:41]}
{[%emt 00:02:32]} c6 {[%clk 01:06:17]} {[%emt 00:07:22]} 18. b4 {[%clk
00:44:21]} {[%emt 00:04:50]} Rfc8 {[%clk 01:04:38]} {[%emt 00:02:07]} 19. Rc1
{[%clk 00:43:10]} {[%emt 00:01:43]} a5 {[%clk 01:03:52]} {[%emt 00:01:15]} 20.
b5 {[%clk 00:41:51]} {[%emt 00:01:50]} f6 {[%clk 00:58:06]} {[%emt 00:06:16]}
21. Nf2 {[%clk 00:38:54]} {[%emt 00:03:27]} Nxf2 {[%clk 00:56:06]} {[%emt
00:02:30]} 22. Kxf2 {[%clk 00:38:27]} {[%emt 00:00:57]} c5 {[%clk 00:52:13]}
{[%emt 00:04:22]} 23. Na4 {[%clk 00:35:41]} {[%emt 00:03:17]} Rd8 {[%clk
00:51:29]} {[%emt 00:01:11]} 24. c4 {[%clk 00:34:42]} {[%emt 00:01:31]} Kf7
{[%clk 00:49:53]} {[%emt 00:02:05]} 1/2-1/2